000 01149nam a2200253Ia 4500
999 _c41531
_d41531
001 8198
003 GE_BSU
005 20221004165428.0
008 181216s2011ge xx |||||||||||||| ||geo||
020 _a9789994042265.
040 _cGE_BSU
041 _ageo
080 _a82-93:821.353.1-1 დ-90
100 _aდუმბაძე, ნოდარ.
_91321
245 _aმზეო დაბრუნდი დაბრუნდი :
_bსაბავშვო ლექსები /
_cნოდარ დუმბაძე, რედ. ლალი ჯაფარიძე;მხატვ. ნათია კვარაცხელია.
264 _aთბილისი :
_bპალიტრა L,
_c2011.
300 _a22 გვ. ;
_bილ.
_c21სმ.
541 _h9ლ.
653 _aმზეო დაბრუნდი დაბრუნდი.
653 _aსაბავშვო ლექსები.
700 _a ჯაფარიძე, ნოდარ
_eრედაქტორი
_915030
700 _a კვარაცხელია, ნათია
_eმხატვარი
_915031
942 _cBK
_2udc